000 00568nam a2200193Ia 4500
005 20250508162126.0
008 008 250505s9999 xx 000 0 eng d
037 _aTextual
040 _aFEDL
_beng
_cFEDL
041 _aeng
_2eng
084 _a371.26, PUT
_qFEDL
100 _aPuttaswamaiah K
245 0 _aFundamentals of applied evaluation
260 _aNew Delhi, India
_bOxford and IBH Publishing Co.
_c1979
300 _ax,227p.
650 _aEducational - Tests and Measurement
942 _cTEXL
_h371.26, PUT
999 _c1374531
_d1374531